Central Library OPAC University of Rajshahi

The hundred best English essays / (Record no. 63060)

MARC details
000 -LEADER
fixed length control field 00742nam a2200217 a 4500
001 - CONTROL NUMBER
control field 63060
003 - CONTROL NUMBER IDENTIFIER
rucl marc code BD-RjUL
005 - DATE AND TIME OF LATEST TRANSACTION
control field 20211209081145.0
008 - FIXED-LENGTH DATA ELEMENTS--GENERAL INFORMATION
fixed length control field 170128s1950 xx 001 0 eng u
035 ## - SYSTEM CONTROL NUMBER
System control number (BD-RjUL)63188
040 ## - CATALOGING SOURCE
Original cataloging agency WGT
Modifying agency OCL
-- EQO
Language of cataloging eng
Transcribing agency BD-RjUL
041 ## - LANGUAGE CODE
Language code of text/sound track or separate title eng
082 ## - DEWEY DECIMAL CLASSIFICATION NUMBER
Classification number 824.08
Edition number 23
Author mark and year HUN 1950
245 04 - TITLE STATEMENT
Title The hundred best English essays /
Statement of responsibility, etc. Selected and edited, with an introductory essay, by the Rt. Hon. the Earl of Birkenhead
260 ## - PUBLICATION, DISTRIBUTION, ETC. (IMPRINT)
Place of publication, distribution, etc. London :
Name of publisher, distributor, etc. Cassell,
Date of publication, distribution, etc. 1950
300 ## - PHYSICAL DESCRIPTION
Pagination xxi, 921 p. ;
Size 22 cm.
500 ## - GENERAL NOTE
General note Essays from the sixteenth century to the present time, chronologically arranged
650 #0 - SUBJECT ADDED ENTRY--TOPICAL TERM
Topical term or geographic name as entry element English essays
9 (RLIN) 186830
700 ## - ADDED ENTRY--PERSONAL NAME
Personal name Birkenhead, Frederick Edwin Smith
942 ## - ADDED ENTRY ELEMENTS (KOHA)
Source of classification or shelving scheme Dewey Decimal Classification
Koha item type Books
Holdings
Lost status Source of classification or shelving scheme Damaged status Not for loan Collection code Permanent Location Current Location Shelving location Date acquired Source of acquisition Cost, normal purchase price Total Checkouts Full call number Date last seen Copy number Koha item type
  Dewey Decimal Classification   Not For Loan Non-fiction Central Library, University of Rajshahi Central Library, University of Rajshahi Reading Room 18/02/1956 O. B and stationing 12.30   824.08 HUN 1950 28/01/2017 C-1 Books